| 000 | 00648nam a2200181 i 4500 | ||
|---|---|---|---|
| 001 | 24567 | ||
| 003 | ES-MaACL | ||
| 005 | 20240203062542.0 | ||
| 007 | t| | ||
| 008 | 021217s1895 sp ||||1| spa d | ||
| 100 | 1 |
_aAntón y Ferrándiz, Manuel, _d1849-1929 _921958 |
|
| 245 | 1 | 0 |
_aRazas y naciones de Europa _b: discurso leído en la Universidad Central en la inauguración del curso académico de 1895-96 / _cManuel Antón y Ferrándiz. |
| 260 |
_aMadrid : _b[s.n.], _c1895 ( _fG. Gutiérrez) |
||
| 300 |
_a43 p. ; _c27 cm. |
||
| 710 | 2 |
_aUniversidad Central (Madrid) _97084 |
|
| 852 |
_aES-MaACL _jT-956-F-2 |
||
| 999 |
_c24567 _d24567 |
||